000 00438nam a22001697a 4500
005 20180606121511.0
008 160611b xxu||||| |||| 00| 0 eng d
020 _a978-81-259-2844-6
041 _aeng
082 _b6824
_a650.01513
100 _aZameeruddin, Qazi & Others
_94332
245 _aBusiness Mathematics
260 _aNew Delhi
_bVikas Publishing House (P) Ltd.
300 _a985
650 _aManagement
_9241
942 _cBK
999 _c2387
_d2386